Grammatica della lingua eposta com metodo razionale ad uso delle scuole medie / (Record no. 36162)

MARC details
000 -LEADER
campo de control de longitud fija 00438nam a2200145 i 4500
001 - NÚMERO DE CONTROL
campo de control 36162
003 - IDENTIFICADOR DE NÚMERO DE CONTROL
campo de control ES-MaACL
007 - CAMPO FIJO DE DESCRIPCIÓN FÍSICA--INFORMACIÓN GENERAL
campo de control de longitud fija t|
008 - DATOS DE LONGITUD FIJA--INFORMACIÓN GENERAL
campo de control de longitud fija 030217s1920 it ||||1| ita d
100 1# - ENTRADA PRINCIPAL--NOMBRE DE PERSONA
Nombre de persona Brianzi, Aldo.
9 (RLIN) 31675
245 10 - MENCIÓN DEL TÍTULO
Título Grammatica della lingua eposta com metodo razionale ad uso delle scuole medie /
Mención de responsabilidad, etc. Aldo Brianzi.
260 ## - PUBLICACIÓN, DISTRIBUCIÓN, ETC.
Lugar de publicación, distribución, etc. Livorno :
Nombre del editor, distribuidor, etc. Raffaello Giusti,
Fecha de publicación, distribución, etc. 1920.
300 ## - DESCRIPCIÓN FÍSICA
Extensión XII, 174 p. ;
Dimensiones 19 cm.
852 ## - LOCALIZACIÓN
Ubicación ES-MaACL
Número de control de estantería B-4242
Holdings
Estatus retirado Estado de pérdida Estado de daño No para préstamo Biblioteca de origen Biblioteca actual Ubicación en estantería Fecha de adquisición Fuente de adquisición Total de préstamos Signatura topográfica completa Código de barras Visto por última vez Precio de reemplazo Tipo de ítem Koha
        Biblioteca del Ateneo de Madrid Biblioteca del Ateneo de Madrid Sala Pardo Bazán 17/01/2008     B-4242 1037954 23/02/2023 23/02/2023 Libro impreso